Word Ladder: Prestigious California University Quiz Stats

 Plays Quiz Updated Apr 29, 2019

Score 0/11 Timer 01:00
0 Plays Today
Hint 4-Letter Word % Correct
Remain in one placeSTAY
97.2%
Marvel creator Lee⚬ STAN ⚬
94.8%
Sterilize a female animalSPAY
91.6%
Train for boxingSPAR
89.8%
Element 82, PbLEAD
89.1%
A set of laundryLOAD
87.1%
Big Three automaker based in Detroit, MI⚬ FORD ⚬
87%
Lady's partner in aristocracyLORD
85.4%
Back part of somethingREAR
83.9%
Burn the surface of somethingSEAR
83.4%
Comprehend wordsREAD
83.3%

Today's Daily Dose

You're not logged in!

Compare scores with friends on all Sporcle quizzes.
OR
Log In

Sporcle TV

Today on Sporcle TV


Watch our educational content, quiz creation guides, and fun videos on Sporcle TV.

Show Comments

Extras

Top Quizzes Today


Score Distribution

Your Account Isn't Verified!

In order to create a playlist on Sporcle, you need to verify the email address you used during registration. Go to your Sporcle Settings to finish the process.

Report this User

Report this user for behavior that violates our Community Guidelines.

Details: